Normal view
MARC view
- Aizaz Ahmad Khan
Entry Personal Name
001 - CONTROL NUMBER
- control field: 51842
003 - CONTROL NUMBER IDENTIFIER
- control field: NUST
005 - DATE AND TIME OF LATEST TRANSACTION
- control field: 20210314135102.0
008 - FIXED-LENGTH DATA ELEMENTS
- fixed length control field: 210314|| aca||aabn | a|a d
040 ## - CATALOGING SOURCE
- Original cataloging agency: NUST
- Transcribing agency: NUST
100 ## - HEADING--PERSONAL NAME
- Personal name: Aizaz Ahmad Khan
670 ## - SOURCE DATA FOUND
- Source citation: Work cat.: (NUST): Aizaz Ahmad Khan , Formulation of a strategy based on the identified critical causes of schedule over run in mega construction , 2020.
